00492nam a2200157 i 4500001000300000100001800003245006400021260002100085040000800106041000800114942000700122008004100129999001700170856009800187952004900285bg1 aSOSNOWSKI, A. 0aŚrodowisko społeczno-zawodowe marynarzy /cA. Sosnowski. aWarszawa,c1984. cBPK apol cKS s pl f |000 0 pol  c22553d22553 uhttp://koha.tu.koszalin.pl/cgi-bin/koha/opac-detail.pl?biblionumber=22553yKatalog online BPK 00104070aBPKbBPKcwo31676p01562088yKS